| 000 | 00498nam a22001697a 4500 | ||
|---|---|---|---|
| 003 | OSt | ||
| 005 | 20171130163819.0 | ||
| 008 | 150320b xxu||||| |||| 00| 0 eng d | ||
| 040 | _cBMC | ||
| 082 | _a808.0687283 | ||
| 100 | 1 |
_930002 _aPérez Cadalso, Eliseo |
|
| 245 | 1 | 0 |
_aAchiote de la comarca _b: cuentos _cEliseo Pérez Cadalso |
| 260 |
_aGuatemala _bMinisterio de Educación, José de Pineda Ibarra _c1959 |
||
| 300 |
_a117 p. _c19 cm |
||
| 650 | 2 | 4 |
_932917 _aCuentos hondureños |
| 942 |
_2ddc _cBK |
||
| 999 |
_c28588 _d28588 |
||